| 000 | 00690nam a22001937a 4500 | ||
|---|---|---|---|
| 999 |
_c182825 _d182825 |
||
| 005 | 20211207130749.0 | ||
| 010 | _aUR-11352 | ||
| 020 |
_c150.00 _a9789390533251 |
||
| 035 | _aU-9907 | ||
| 037 | _bDBAD/PUB | ||
| 082 | _a841 | ||
| 100 | _aما د ھو کو شک | ||
| 245 |
_aما د ھو کو شک کی منتخب غز ليں(مجمو عہ ء عز ل ) _cما د ھو کو شک |
||
| 246 |
_aMadhav Kaushik Ki Muntakhib Ghazlein (Urdu) _bTranslated by Renu Behl |
||
| 260 |
_aN.Delhi _c2020 ء _bEducational Publishing House |
||
| 270 |
_aD1/16,Ansari Road,Darya Ganj, _bNew Delhi _e110002 _l - |
||
| 300 |
_a143 ص _c22 Cm(Hb) |
||
| 942 |
_2ddc _cUR _h841 _mم ا د |
||